Central Library OPAC University of Rajshahi

Modern polarographic methods / (Record no. 10145)

MARC details
000 -LEADER
fixed length control field 00942nam a2200265 a 4500
001 - CONTROL NUMBER
control field 10145
003 - CONTROL NUMBER IDENTIFIER
rucl marc code BD-RjUL
005 - DATE AND TIME OF LATEST TRANSACTION
control field 20211208234912.0
008 - FIXED-LENGTH DATA ELEMENTS--GENERAL INFORMATION
fixed length control field 161227s1963 nyua b 001 0 eng
035 ## - SYSTEM CONTROL NUMBER
System control number (BD-RjUL)10193
040 ## - CATALOGING SOURCE
Original cataloging agency DLC/ICU
Transcribing agency ICU
Modifying agency DLC
-- BD-RjUL
Language of cataloging eng
041 1# - LANGUAGE CODE
Language code of text/sound track or separate title engger
082 00 - DEWEY DECIMAL CLASSIFICATION NUMBER
Classification number 543.4
Author mark and year SCM 1963
Edition number 23
100 1# - MAIN ENTRY--PERSONAL NAME
Personal name Schmidt, Helmut,
Dates associated with a name 1922 January 27-
9 (RLIN) 31330
245 10 - TITLE STATEMENT
Title Modern polarographic methods /
Statement of responsibility, etc. Helmut Schmidt [and] Mark von Stackelberg. Translated by R.E.W. Maddison.
260 ## - PUBLICATION, DISTRIBUTION, ETC. (IMPRINT)
Place of publication, distribution, etc. New York :
Name of publisher, distributor, etc. Academic Press,
Date of publication, distribution, etc. c1963.
300 ## - PHYSICAL DESCRIPTION
Pagination v, 99 p. :
Illustrations illus. ;
Size 23 cm.
500 ## - GENERAL NOTE
General note Translation of Die neuartigen polarographischen Methoden.
504 ## - BIBLIOGRAPHY, ETC. NOTE
Bibliography, etc Bibliography: p. 94-96. and index.
650 #0 - SUBJECT ADDED ENTRY--TOPICAL TERM
Topical term or geographic name as entry element Polarography.
9 (RLIN) 31331
700 1# - ADDED ENTRY--PERSONAL NAME
Personal name Stackelberg, Mark,
Dates associated with a name 1896-
Relator term joint author.
942 ## - ADDED ENTRY ELEMENTS (KOHA)
Source of classification or shelving scheme Dewey Decimal Classification
Koha item type Books
Holdings
Lost status Source of classification or shelving scheme Damaged status Not for loan Collection code Permanent Location Current Location Shelving location Date acquired Source of acquisition Cost, normal purchase price Total Checkouts Full call number Date last seen Copy number Koha item type
  Dewey Decimal Classification     Non-fiction Central Library, University of Rajshahi Central Library, University of Rajshahi   25/05/1970 Zeithlinger 52.00   543.4 SCM 1963 23/01/2014 C-2 Books
  Dewey Decimal Classification   Not For Loan Non-fiction Central Library, University of Rajshahi Central Library, University of Rajshahi Reading Room 25/05/1970 Zeitlinger 52.00   543.4 SCM 1963 27/12/2016 C-1 Books
  Dewey Decimal Classification     Non-fiction Central Library, University of Rajshahi Central Library, University of Rajshahi   05/05/1964 Zeitlinger 44.00   543.4 SCM 1963 12/04/2017 C-3 Books